| 000 | 00478nam a2200193Ia 4500 | ||
|---|---|---|---|
| 005 | 20250423095448.0 | ||
| 008 | 250422s9999 xx 000 0 und d | ||
| 020 | _a9780387403601 | ||
| 050 | _aRS 431.R34. S24/ | ||
| 100 | _aSaha, Gopal B. | ||
| 245 | 0 | _aFundamentals of Nuclear Pharmacy | |
| 250 | _a5th ed. | ||
| 260 | _aUSA | ||
| 260 | _bSpringer-Verlag | ||
| 260 | _c2004 | ||
| 300 | _a383 p | ||
| 650 | _a Radiopharmaceuticals. Nuclear medicine. | ||
| 942 | _cBK | ||
| 999 |
_c30349 _d30349 |
||